Gaming Quiz

Random Gaming or Nintendo Quiz

Super Nintendo RPGs Quiz Stats

 Plays Quiz not verified by Sporcle

Support Sporcle.
Go Orange.
Score 0/200 Timer 20:00
0 Plays Today
Year Title % Correct
1991Final Fantasy IV
83.4%
1994Final Fantasy VI
80.3%
1995Chrono Trigger
78.2%
1993Secret of Mana
78%
1992Final Fantasy V
74.2%
1996Super Mario RPG: Legend of the Seven Stars
73.8%
1994Earthbound
61.6%
1993Breath of Fire
59.4%
1995Secret of Evermore
59.1%
1993Illusion of Gaia
56.1%
1993Lufia & The Fortress of Doom
54%
1992Final Fantasy: Mystic Quest
51.3%
1994Breath of Fire II
51.3%
1995Terranigma
48.7%
1992Dragon Quest V
47.7%
1995Seiken Densetsu III
47.2%
1995Dragon Quest VI
46.3%
1995Lufia II: Rise of the Sinistrals
45.4%
1992Soul Blazer
43.6%
1996Star Ocean
40.3%
1995Tales of Phantasia
35.8%
1993The 7th Saga
35.1%
1996Dragon Quest III
33.6%
1993Dragon Quest I & II
33.5%
1996Bahamut Lagoon
33.1%
1993Ogre Battle: The March of the Black Queen
32.5%
1992Shin Megami Tensei
31.1%
1991Ys III: Wanderers From Ys
30.4%
1996Fire Emblem: Genealogy of the Holy War
30.4%
1999Fire Emblem: Thracia 776
28.7%
1994Live A Live
28.4%
1993Ys IV: Mask of the Sun
28.2%
1993Secret of the Stars
27.7%
1992Romancing SaGa
27.5%
1994Fire Emblem: Mystery of the Emblem
26.4%
1995Ys V: Kefin, Lost City of Sand
26.4%
1993Romancing SaGa 2
26%
1991Lagoon
25.8%
1994Robotrek
25.7%
1995Romancing SaGa 3
25.7%
1995Tactics Ogre: Let Us Cling Together
25.7%
1994Shin Megami Tensei II
25.4%
1996Treasure of the Rudras
23.3%
1992Paladin's Quest
22.5%
1991Drakkhen
21.6%
1993Shadowrun
21.1%
1992Arcana
20.9%
1995Front Mission
20.9%
1996Treasure Hunter G
20.8%
1992Ultima VI: The False Prophet
19.5%
1994Ultima VII: The Black Gate
18.9%
1994Brandish
17.7%
1992Wizardry V: Heart of the Maelstrom
17.6%
1995Mystic Ark
16.9%
1994Shin Megami Tensei if...
16.5%
1992Inindo: Way of the Ninja
15.7%
1994Eye of the Beholder
15.1%
1993Dual Orb
14.5%
1995Wizardry VI: Bane of the Cosmic Forge
14.3%
1993Might and Magic II: Gates to Another World
13.6%
1996Lennus II: The Apostles of the Seals
13.6%
1994Dual Orb II
13.5%
1995Emerald Dragon
13.1%
1995Might and Magic III: Isles of Terra
12.8%
1995Magic Knight Rayearth
12.8%
1993Albert Odyssey
12.6%
1991Dungeon Master
12.5%
Year Title % Correct
1995Shiren the Wanderer
12.5%
1993The Twisted Tales of Spike McFang
11.8%
1995Der Langrisser
11.8%
1995Pretty Soldier Sailor Moon: Another Story
11.8%
1994Albert Odyssey 2
11.1%
1994Majin Tensei
10.7%
1994FEDA: The Emblem of Justice
10.7%
1997Dark Law: Meaning of Death
10.6%
1995Brandish 2
10.6%
1995Far East of Eden Zero
10.4%
1992Cyber Knight
10.2%
1995Metal Max Returns
10.2%
1993Metal Max 2
9.9%
1992Glory of Heracles III
9.7%
1995Majin Tensei II
9.4%
1994Cyber Knight 2
9.3%
1994Glory of Heracles IV
9.2%
1994Obitus
9.1%
1992Dragon Slayer: The Legend of Heroes
8.9%
1995Tenchi Muyo!: The Game
8.9%
1991GD Leen
8.4%
1992Villgust
8.4%
1997Solid Runner
8.4%
1996Madou Monogatari
8.4%
1996Dark Half
8.4%
1993Taloon's Great Adventure
8.3%
1993Dragon Slayer: The Legend of Heroes II
8.2%
1995Last Bible III
8.2%
1996Arabian Nights
8.2%
1992Light Fantasy
8.1%
1993Aretha
8.1%
1994Slayers
8.1%
1994Ultima: Runes of Virtue II
8.1%
1996Chaos Seed
7.9%
1996Energy Breaker
7.9%
1992Maka Maka
7.8%
1999Wizardry I-II-III: Story of Llylgamyn
7.8%
1992Hanjuku Hero
7.7%
1992Dragon Ball Z: Legend of the Saiyans
7.4%
1993Neugier
7.2%
1993Shinseiki Odysselya
7.2%
1993Madara 2
7.2%
1995Eternal Filena
7.2%
1995Light Fantasy 2
7.2%
1995Record of Lodoss War
7.2%
1993 Xak: The Art of Visual Stage
7%
1997Gunman's Proof
7%
1994Aretha II
6.9%
1995Laplace's Demon
6.9%
1995The Magical Land of Wozz
6.9%
1996Dragon Knight 4
6.8%
1994Hiouden: Legend of the Scarlet King
6.8%
1994Song of the Angel
6.8%
1996Monstania
6.8%
1995Shinseiki Odysselya 2
6.7%
1994Kabuki Rocks
6.4%
1994Dark Kingdom
6.4%
1993Elfaria
6.3%
1993Ranma 1/2: Treasure of the Red Cat Gang
6.3%
1997Bushi Seiryuuden: Futari no Yuusha
6.2%
1995Kyuuyaku Megami Tensei
6%
1995DunQuest
6%
1995Ultima: The Savage Empire
6%
1996Bakumatsu Korinden Oni
5.9%
1992Benkei Gaiden: Suna no Shou
5.8%
1993Sword World SFC
5.8%
1996Wizardry Gaiden IV
5.7%
Year Title % Correct
1992Fist of the North Star 5
5.7%
1996G-O-D - Mezame yoto Yobu Koe ga Kikoe
5.7%
1994Sword World SFC 2
5.7%
1994Daikaijyuu Monogatari
5.7%
1995Elfaria II
5.7%
1995Crystal Beans: From Dungeon Explorer
5.7%
1996Adventures of Hourai High
5.7%
1993Ancient Magic
5.5%
1995Bounty Sword
5.5%
1996Daikaijyuu Monogatari 2
5.5%
1991SD Gundam Gaiden: Knight Gundam Monogatari
5.4%
1992Hero Senki: Project Olympus
5.4%
1993Monster Maker III: Hikari no Majutsushi
5.4%
1994Kishin Korinden Oni
5.4%
1993Silver Saga II
5.2%
1994Gaia Saver
5%
1993Taikou Risshiden
4.9%
1995Farland Story
4.9%
1995Rejoice: Another Aretha Kingdom
4.9%
1992Song Master
4.7%
1992SD Gundam Gaiden 2: Entaku no Kishi
4.7%
1993Dragon Squadron Danzarb
4.7%
1995Burning Heroes
4.7%
1995Princess Minerva
4.7%
1993Burai: Hachigyoku no Yuushi Densetsu
4.4%
1994Dream Maze
4.4%
1994Down the World
4.4%
1995Verne World
4.4%
1995Farland Story 2
4.4%
1994Sansara Naga 2
4.2%
1995Granhistoria
4.2%
1996Gulliver Boy
4.2%
1996Traverse: Starlight & Prairie
4.2%
1993Shin Momotarou Densetsu
4%
1994First Queen
3.9%
19923x3 Eyes: Advent of the Divine Demon Legend
3.8%
1993Trinea
3.6%
1994Magna Braban
3.6%
1993Wondrous Magic
3.5%
1996Madara Saga
3.5%
1994Power of the Hired
3.4%
1997Milandra
3.4%
1994Idea no Hi
3.3%
1994The Last Battle
3.3%
1996Gokinjo Boukentai
3.3%
1996Akazukin ChaCha
3.3%
1993Jungle Wars 2
3.1%
1995Beasts & Blades
3.1%
1993Yume Maboroshi no Gotoku
3%
1993Soul & Sword
2.9%
1995Ruin Arm
2.9%
1994Kenyuu Densetsu Yaiba
2.8%
1995Mahoujin GuruGuru
2.8%
1995Little Master 3: Jewels of the Rainbow
2.6%
1996Mahoujin GuruGuru 2
2.6%
1995Maten Densetsu
2.5%
1994Kero Kero Keroppi no Bouken Nikki
2.4%
1994Wizap!
2.4%
1994Galaxy Robo
2%
1994Haou Taikei: Ryuu Knight
2%
1995Love Quest
1.9%
1995Hi no Ouji: Yamato Takeru
1.6%
1995Tottemo! Lucky Man
1.5%
1995Shin Seikoku: La Wares
1.4%
1995Shiki Eiyuuden
1.4%
1995Heian Fuuunden
1.4%

You're not logged in!

Compare scores with friends on all Sporcle quizzes.
OR
Log In

From the Vault

5-by-5 Logic Puzzle III

by The_Professor

Are you ready to flex your brain?
Remove Ads.
Support Sporcle.
Get the best of Sporcle when you Go Orange. This ad-free experience offers more features, more stats, and more fun while also helping to support Sporcle. Thank you for becoming a member.

Show Comments

Extras

Created Oct 1, 2009ReportNominate
Tags:Nintendo Quiz, Developer, rpg, sfc, SNES

Top Quizzes Today


Score Distribution

Your Account Isn't Verified!

In order to create a playlist on Sporcle, you need to verify the email address you used during registration. Go to your Sporcle Settings to finish the process.

Report this User

Report this user for behavior that violates our Community Guidelines.

Details: